000 00444nam a22001817a 4500
005 20251108170635.0
008 250721s1970 xx 000 0 eng d
082 1 4 _a956.4/D
100 1 _aDodd, C . H
245 1 0 _aIsrael and the Arab World /
264 1 _aLondon :
_bRoutledge & Kegan Paul,
_c1970.
300 _a247p : maps
650 1 7 _aPalestine
650 1 7 _aHistory
700 1 _aSales, M . E
942 _2ddc
_cBK
999 _c45476
_d45476